000 01002cam a22002777a 4500
003 CHAP
005 20220329140933.0
008 971013s r 00010 d
010 _a60075
011 _a61047
035 _a65211
040 _cCHAP
090 _aR-3546
100 0 0 _aSánchez Durón, Nicolás.
_9107483
245 0 _aCultivos que aporto México al mundo como resultado de la trasculturación
500 _aSobretiro de : Patronato Mexicano del V Centenario de Cortés, A. C. Cortés : Navegante político, arquitecto, economista y literato. México, D. F. : Diana, 1992. pp. 105-119
590 _aBATCH-UPD
_b10
_c20130110
_lUCH01
_h0352
590 _aBATCH-UPD
_b10
_c20130410
_lUCH01
_h0025
590 _aBATCH-UPD
_b10
_c20130914
_lUCH01
_h1120
590 _aCONVERSION
_b10
_c20130109
_lUCH01
_h1332
650 1 4 _aCultivos
_zMéxico.
_930363
650 1 4 _aPlantas cultivadas
_xHistoria.
_988931
901 _aBK
942 _cREIMP
949 _aR-3546
_bBC
_cR
_d-145139
_eTS1
_i65211
_si
999 _c60075
_d60075